La organización de los estados americanos

Gespeichert in:
Bibliographische Detailangaben
1. Verfasser: Thomas, Ann Van Wynen
Weitere Verfasser: Thomas, A.J
Format: Buch
Sprache:Spanisch
Veröffentlicht: México. UTHEA. c1968.
Schlagworte:
Tags: Tag hinzufügen
Keine Tags, Fügen Sie den ersten Tag hinzu!

MARC

LEADER 00000nam a22000005a 4500
001 16728
003 CL-ChBUA
005 20120815103618.0
008 070301s1968 mx 000 0 spa
040 |a CL-ChBUA  |c CL-ChBUA 
082 0 0 |a 341.217 
090 |c 16728  |d 16728 
100 1 |a Thomas, Ann Van Wynen 
245 1 0 |a La organización de los estados americanos 
260 |b UTHEA.  |a México.  |c c1968. 
650 4 |a OEA (ORGANIZACION DE ESTADO AMERICANO). 
700 1 |a Thomas, A.J. 
942 |c LIB 
952 |0 0  |1 0  |4 0  |7 0  |9 23195  |a UNACH  |b UNACH  |c 300  |d 2007-03-05  |i 35.373.  |l 0  |o 341.217 / T 454.  |p 24194  |r 2013-04-08 00:00:00  |u 23195  |w 2012-08-08  |y LIB  |k 341.217 / T 454. 
999 |c 16728  |d 16728